Statistiques concernant Les princesses Disney par Image

Cliquez ici pour prendre le quiz!

Statistiques générales

  • Ce quiz a été pris 493 fois
  • Le résultat moyen est 11 sur 12

Statistiques - réponses

Réponse% Correct
Blanche Neige
99%
Belle
94%
Cendrillon
93%
Jasmine
93%
Elsa
92%
Mulan
91%
Aurore
89%
Tiana
88%
Raiponce
83%
Pocahontas
80%
Ariel
78%
Mérida
74%

Distribution des résultats

Percentile par nombre de réponses

% des personnes avec chaque résultat

Votre développement - résultats

Vous n’avez pas pris ce quiz